Devine le titre de Kpop à partir d'une phrase - Statistiques

Statistiques générales
  • Ce quiz a été pris 326 fois
    291 depuis la dernière actualisation
  • Le résultat moyen est 5 sur 15
Statistiques - réponses
Hint Réponse % Correct
Kissy face, kissy face APT
90%
Hey boy, I'ma get ya Strategy
69%
Boom, chaos, we so catastrophic Chk chk boom
50%
I bought diamonds at my dentist Ice on my teeth
47%
Baby, I'm just trying to play it cool Magnetic
47%
Pretty girls don't do drama Mantra
47%
Ah, body bang Supernova
47%
How long before we fall in love ? Sticky
27%
Toxic lover, you're no better How sweet
20%
I know I'm an icon Python
20%
FaceTime on the regular Igloo
17%
I never bow on my way Super lady
13%
Don't care 'bout a thing Walk
5%
I'm triggered every year Valentines Roses
4%
Work hard in secret Smart
4%
Aucun quiz correspondant
Distribution des résultats
% des personnes avec chaque résultat
Percentile par nombre de réponses
Votre historique - résultats
Vous n’avez pas pris ce quiz depuis la dernière actualisation